| 000 | 00550cam a2200205 4500 | ||
|---|---|---|---|
| 001 | D8121 | ||
| 008 | 090401t1971 xxu||||| |||| 00| 0 eng d | ||
| 035 | _a(Sirsi) u11279 | ||
| 041 | _aeng | ||
| 050 |
_a025.4669 _c18 |
||
| 100 | _aRay-Jones, Alan | ||
| 245 | _aCI/SfB project manual organising building project information | ||
| 260 |
_aLondon _bArchitectural Press _c1971 |
||
| 300 |
_a163p. _c30cm |
||
| 350 | _a5 | ||
| 650 | _aCI/SFB | ||
| 690 | _aMANAGEMENT-BUSINESS MANAGEMENT-INFORMATION MANAGEMENT | ||
| 942 | _n0 | ||
| 948 | _c04/03/1997 | ||
| 999 |
_c86843 _d86843 |
||